000 00381 a2200133 4500
001 91501
082 _aPR 1467
090 _c43642
_d43641
100 _aFaisal Ismail; Prof Tahir Mehmood Khalid (Advisor)
245 _aMicroscopic Object Analysis Using Image Processing Techniques
_n58 "B" EC
260 _aRawalpindi
_bNUST
_c2003
300 _a54p
500 _aBE Project Reports
942 _aCAE NUST
_kPR 1467
999 _c326574
_d326574